000 00378nam a2200157Ia 4500
008 230917s9999||||xx |||||||||||||| ||und||
020 _cRS150
040 _e1211
_aMAIN
041 _aEnglish
082 _a595.7 N232G
100 _aNayar, K K
245 0 _aGeneral and applied entomology
260 _aNew Delhi
_bTata McGraw-Hill
_c1983
300 _ax, 589 p.
942 _cBK
999 _c38051
_d38051